000 01814cam a22004814i 4500
003 PE-LiUPU
005 20250731173417.0
008 150706s2008 miu r 000 0 spa d
020 _a9780829753592
035 _a(Sirsi) i9780829753592
040 _aPE-LiUPU
_bspa
_cPE-LiUPU
_erda
049 _aPRUA
082 0 4 _a248.32
_bH42n
_221
100 1 _aHermosillo, Heriberto,
_eautor.
245 1 0 _aAprendiendo a orar :
_b¡para niños! /
_cHeriberto y Elsa Hermosillo.
264 1 _aMiami :
_bEditorial Vida,
_c2008.
300 _a63 páginas :
_bilustraciones ;
_c28 centímetros.
336 _atext
_2rdacontent
337 _aunmediated
_2rdamedia
338 _avolume
_2rdacarrier
490 1 _aSembrados en buena tierra
505 0 _a{Reconociendo su paternidad} -- {Santificando su nombre} -- {Estableciendo su reino} -- {Haciendo su voluntad} -- {Recibiendo su provisión} -- {Manifestando su naturaleza} -- {Vistiendo su protección}.
526 _aSEG42
526 _aSEG41
526 _aSEG40
526 _aSEG39
526 _aP94
526 _aP87
526 _aP86
526 _aP85
526 _aP77
526 _aP76
526 _aP35
541 _g001-0000575;
650 1 4 _aOración
_xCristianismo
_vLiteratura infantil.
700 1 _aPonce de Hermosillo, Elsa,
_eautor.
910 _agl
_cjck
_d20120605
942 _2ddc
_cBOOK
949 _a248.32 H42N
_wDEWEY
_c1
_i64857
_lCCODEBUL1
_mBUL
_p9.00
_r0
_sY
_tBOOK
_u2015-7-6
_xTEOLOGIA
_PP35
_o.STAFF. Colección Teología
994 _aC0
_bPEPRU
596 _a1
999 _a248.32 H42N
_wDEWEY
_c53562
_i64857
_f2021-11-10
_g5
_lCCODEBUL1
_mBUL
_p9.00
_r0
_sY
_tBOOK
_u2015-7-6
_xTEOLOGIA
_PP35
_0COMPRA
_o.STAFF. Colección Teología
_d53562
980 _81
_gALBERTO SANCHEZ Responsable de Automatización